000 00588nam a22002177a 4500
003 UA-OsUOA
001 116155
007 ta
008 20160210b un ||||| |||| 00| 0 ukr d
100 _aКікоть О.
090 _a330(477)
_bК46
942 _cSA
040 _aUA-OsUOA
_bukr
_cUA-OsUOA
_dUA-OsUOA
245 _aКласифікація аукціонів цінних паперів
300 _aС.30-36
955 _a0
041 _aukr
080 _a330(477)
773 0 _w116152
_tЕкономіст
_dК.
_d2015
_g12
650 7 _a330 Економіка взагалі
_2UDC
999 _c401968
_d401968